ARRUPE JESUIT UNIVERSITY

CORONAVIRUS -STOP THE SPREAD - CLEAN,DISINFECT,COVER

Religious mystery and rational reflection (Record no. 11341)

MARC details
000 -LEADER
fixed length control field 00571nam a2200217Ia 4500
003 - CONTROL NUMBER IDENTIFIER
control field 0100
008 - FIXED-LENGTH DATA ELEMENTS--GENERAL INFORMATION
fixed length control field 130303s9999 xx 000 0 und d
020 ## - INTERNATIONAL STANDARD BOOK NUMBER
International Standard Book Number 0802843255
040 ## - CATALOGING SOURCE
Transcribing agency ARRUPELIB
050 ## - LIBRARY OF CONGRESS CALL NUMBER
Classification number BL51.D86 1998
300 ## - PHYSICAL DESCRIPTION
Other physical details 147p. 24cm
100 ## - MAIN ENTRY--PERSONAL NAME
Personal name DuprÚ, Louis K
245 ## - TITLE STATEMENT
Title Religious mystery and rational reflection
245 ## - TITLE STATEMENT
Remainder of title excursions in the phenomenology and philosophy of religion
260 ## - PUBLICATION, DISTRIBUTION, ETC. (IMPRINT)
Place of publication, distribution, etc Grand Rapids, MI
260 ## - PUBLICATION, DISTRIBUTION, ETC. (IMPRINT)
Name of publisher, distributor, etc William B. Eerdmans Publishing Co.
260 ## - PUBLICATION, DISTRIBUTION, ETC. (IMPRINT)
-- 1998
300 ## - PHYSICAL DESCRIPTION
Extent ix
650 ## - SUBJECT ADDED ENTRY--TOPICAL TERM
Topical term or geographic name as entry element RELIGION
942 00 - ADDED ENTRY ELEMENTS (KOHA)
Koha issues (borrowed), all copies 2
Holdings
Withdrawn status Lost status Source of classification or shelving scheme Damaged status Not for loan Collection code Home library Current library Shelving location Date acquired Total Checkouts Full call number Barcode Date last seen Date checked out Copy number Price effective from Koha item type
    Library of Congress Classification     Main Collection ARRUPE LIBRARY ARRUPE LIBRARY   04/03/2013 2 BL51.D86 1998 46003014700 26/10/2016 07/03/2015 1 04/03/2013 Monograph ( Printed materials)

 

Arrupe Library. PO Box MP320 Mt Pleasant, Harare, Zimbabwe
263 242 745411|librarian@aju.ac.zw